Catálogo

NORMAS INTERNACIONALES DE AUDITORIA : (Registro nro. 39673)

Detalles MARC
000 -LEADER
fixed length control field 00825nam a2200181 a 4500
001 - CONTROL NUMBER
control field 39673
005 - DATE AND TIME OF LATEST TRANSACTION
control field 20180714013309.0
008 - FIXED-LENGTH DATA ELEMENTS--GENERAL INFORMATION
fixed length control field 140415s2001 mx 000 0 spa d
020 ## - INTERNATIONAL STANDARD BOOK NUMBER
International Standard Book Number 970665086X
041 ## - LANGUAGE CODE
Language code of text/sound track or separate title spa
082 ## - DEWEY DECIMAL CLASSIFICATION NUMBER
Classification number 657.45
Item number NOR
245 00 - TITLE STATEMENT
Title NORMAS INTERNACIONALES DE AUDITORIA :
Remainder of title PRONUNCIAMIENTOS TECNICOS
250 ## - EDITION STATEMENT
Edition statement 6a ed.
260 ## - PUBLICATION, DISTRIBUTION, ETC.
Place of publication, distribution, etc. MEXICO :
Name of publisher, distributor, etc. INSTITUTO MEXICANO DE CONTADORES PUBLICOS,
Date of publication, distribution, etc. 2001
300 ## - PHYSICAL DESCRIPTION
Extent 732
Dimensions x 16 x 22
520 ## - SUMMARY, ETC.
Summary, etc. ESTE LIBRO SE CONSTITUYE COMO UNA HERRAMIENTA DEL CONTADOR PUBLICO EN LA PRACTICA DE LA AUDITORIA, ES TAN UTIL POR SU CO NTENIDO ACTUALIZADO , COMO PUEDE SER DE NORMAS Y PROCEDIMIENTOS DE AUDITORIA DE LA COMPA SDEL IMCP. QUE EL AUDITOR DEBE PRESENTAR COMO PRODUCTO DE SU TRABAJO DE AUDITORIA EN EL AMBIENTE INTERNACIONAL.
650 14 - SUBJECT ADDED ENTRY--TOPICAL TERM
Topical term or geographic name entry element AUDITORIA
Existencias
Withdrawn status Lost status Source of classification or shelving scheme Damaged status Not for loan Collection code Home library Current library Shelving location Date acquired Source of acquisition Inventory number Total Checkouts Full call number Barcode Date last seen Price effective from Koha item type
    Dewey Decimal Classification     General Biblioteca Karol Wojtyla Biblioteca Karol Wojtyla Sala general 03/12/2013 Compra 151000000000000000021132   657.45 NOR 59638 05/01/2026 03/12/2013 Libro